000 00702nam a2200217 a 4500
001 BRL_114
005 20190320210608.0
008 910823s1988 mx-a######---#000-0#spa-#
020 _a9688250023
040 _aDLC
_cDLC
_dDLC
050 4 _aNB278.M47
_b.C37 1988
245 1 0 _aCarlos Mérida
_bsu obra en el multifamiliar Juárez nacimiento, muerte y resurrección
_c[selección de diseños y textos, Alfonso Soto Soria].
260 _a[México]
_bISSSTE
_c1988
300 _a79 p.
_bil. (algunas a color)
_c34 cm.
500 _aIncluye notas biográficas
500 _aAu151
600 1 4 _aMérida, Carlos
_d1891-1984
_922947
700 1 _aSoto Soria, Alfonso
_922948
902 _aGRL
942 _2lcc
_cB
999 _c8927
_d8927